[Event "Hvar Arsenal op"]
[Site "Hvar"]
[Date "2022.10.11"]
[Round "5"]
[White "Batinic, Josip"]
[Black "Cvetkovic, Erik"]
[Result "1-0"]
[WhiteElo "1951"]
[BlackElo "1747"]
[PlyCount "145"]
[EventDate "2022.10.08"]
[EventType "swiss"]
[EventRounds "9"]
[EventCountry "CRO"]
[SourceTitle "CBM 210 Extra"]
[Source "ChessBase"]
[SourceDate "2022.11.30"]
[SourceVersion "1"]
[SourceVersionDate "2022.11.30"]
[SourceQuality "1"]

1. d4 c5 2. c3 Qc7 3. Nf3 Nf6 4. e3 e6 5. Be2 Be7 6. 0-0 d6 7. b3 0-0 8. Bb2 a6 9. c4 Nbd7 10. Nc3 b6 11. Rc1 Bb7 12. a4 Ne4 13. Nd2 Nxc3 14. Bxc3 Nf6 15. Bf3 d5 16. Qe2 Ne4 17. dxc5 bxc5 18. cxd5 Nxc3 19. Rxc3 exd5 20. Qd3 Rfd8 21. Rfc1 a5 22. Qc2 Ba6 23. Qf5 Qd7 24. Qxd7 Rxd7 25. Nc4 dxc4 26. Bxa8 Bf6 27. Rxc4 Bxc4 28. bxc4 Rd8 29. Be4 Rb8 30. Bc6 Rb6 31. Bb5 Rd6 32. g3 Kf8 33. Rc2 Ke7 34. f4 h5 35. Kf2 Ba1 36. Ke2 f5 37. Rd2 Rxd2+ 38. Kxd2 Bf6 39. Kd3 g6 40. Ba6 Kd6 41. Bc8 Bb2 42. h3 Ke7 43. e4 Kf6 44. g4 hxg4 45. e5+ Kf7 46. hxg4 Bc1 47. gxf5 gxf5 48. Bxf5 Bxf4 49. Ke4 Bd2 50. Kd5 Bc3 51. Kd6 Ke8 52. Bg6+ Kd8 53. e6 Bf6 54. Kxc5 Kc8 55. Kc6 Be7 56. c5 Kd8 57. Bf5 Kc8 58. Kb6 Kb8 59. c6 Bd8+ 60. c7+ Bxc7+ 61. Kc6 Bd8 62. Kd7 Bg5 63. e7 Bxe7 64. Kxe7 Kc7 65. Bd7 Kb6 66. Kd6 Kb7 67. Kc5 Kc7 68. Be8 Kb7 69. Kb5 Ka7 70. Kxa5 Kb7 71. Bh5 Ka7 72. Bf3 Kb8 73. Kb6 1-0

[Event "Hvar Arsenal blitz op"]
[Site "Hvar"]
[Date "2022.10.11"]
[Round "9"]
[White "Batinic, Josip"]
[Black "Prvinic, Igor"]
[Result "1-0"]
[WhiteElo "1871"]
[BlackElo "1747"]
[PlyCount "40"]
[EventDate "2022.10.11"]
[EventType "swiss (blitz)"]
[EventRounds "11"]
[EventCountry "CRO"]
[SourceTitle "CBM 210 Extra"]
[Source "ChessBase"]
[SourceDate "2022.11.30"]
[SourceVersion "1"]
[SourceVersionDate "2022.11.30"]
[SourceQuality "1"]

1. e4 c5 2. d4 cxd4 3. c3 d6 4. cxd4 Nc6 5. f4 a6 6. Nf3 Nf6 7. e5 dxe5 8. fxe5 Nd5 9. Nc3 Bg4 10. Be2 e6 11. 0-0 Be7 12. Bc4 Qb6 13. Bxd5 exd5 14. Nxd5 Qxd4+ 15. Qxd4 Nxd4 16. Nxd4 Rc8 17. Nxe7 Kxe7 18. Bg5+ f6 19. exf6+ gxf6 20. Bxf6+ Kd6 1-0

[Event "Hvar Arsenal blitz op"]
[Site "Hvar"]
[Date "2022.10.11"]
[Round "7"]
[White "Batinic, Josip"]
[Black "Radovanovic, Stjepan"]
[Result "1-0"]
[WhiteElo "1871"]
[BlackElo "1178"]
[PlyCount "55"]
[EventDate "2022.10.11"]
[EventType "swiss (blitz)"]
[EventRounds "11"]
[EventCountry "CRO"]
[SourceTitle "CBM 210 Extra"]
[Source "ChessBase"]
[SourceDate "2022.11.30"]
[SourceVersion "1"]
[SourceVersionDate "2022.11.30"]
[SourceQuality "1"]

1. e4 e5 2. d4 exd4 3. c3 dxc3 4. Bc4 Nc6 5. Nxc3 Bc5 6. Bxf7+ Kxf7 7. Qd5+ Ke8 8. Qxc5 d6 9. Qh5+ g6 10. Qe2 Nf6 11. Bg5 Be6 12. 0-0-0 Qe7 13. Nf3 h6 14. Bxf6 Qxf6 15. Nd5 Qg7 16. Rhe1 Kd7 17. Qb5 Rhb8 18. e5 a6 19. Qa4 b5 20. Qe4 Re8 21. Nf6+ Ke7 22. Nxe8 Rxe8 23. Qxc6 Kf8 24. exd6 Rd8 25. Rxe6 g5 26. Qxc7 Qxc7+ 27. dxc7 Rxd1+ 28. Kxd1 1-0

[Event "Sveti Vid CC Klis-ch"]
[Site "Sveti Vid"]
[Date "2014.02.08"]
[Round "10"]
[White "Batinic, Josip"]
[Black "Caleta, Josip"]
[Result "1-0"]
[WhiteElo "2025"]
[BlackElo "1470"]
[PlyCount "43"]
[EventDate "2014.01.18"]
[EventType "tourn"]
[EventRounds "11"]
[EventCountry "CRO"]
[SourceTitle "EXT 2016"]
[Source "ChessBase"]
[SourceDate "2015.10.08"]
[SourceVersion "1"]
[SourceVersionDate "2015.10.08"]
[SourceQuality "1"]

1. e4 g6 2. f4 Bg7 3. Nf3 d6 4. d4 c6 5. Bc4 Bg4 6. Bxf7+ Kd7 7. Ne5+ dxe5 8. Qxg4+ Kc7 9. dxe5 Nh6 10. Qe6 Rf8 11. Bxg6 hxg6 12. Qxg6 Rg8 13. 0-0 Qe8 14. Qe6 Qf7 15. Qh3 Rh8 16. Nc3 Na6 17. e6 Qg6 18. f5 Qg4 19. Bxh6 Bd4+ 20. Kh1 Rag8 21. Qxg4 Rxg4 22. Bf4+ 1-0

[Event "Sveti Vid CC Klis-ch"]
[Site "Sveti Vid"]
[Date "2014.02.02"]
[Round "8"]
[White "Saric, Luka"]
[Black "Batinic, Josip"]
[Result "0-1"]
[WhiteElo "1918"]
[BlackElo "2025"]
[PlyCount "38"]
[EventDate "2014.01.18"]
[EventType "tourn"]
[EventRounds "11"]
[EventCountry "CRO"]
[SourceTitle "EXT 2016"]
[Source "ChessBase"]
[SourceDate "2015.10.08"]
[SourceVersion "1"]
[SourceVersionDate "2015.10.08"]
[SourceQuality "1"]

1. e4 c6 2. Nf3 d5 3. exd5 cxd5 4. d4 Bf5 5. Nc3 Nf6 6. Bg5 e6 7. Bb5+ Nc6 8. 0-0 Be7 9. h3 0-0 10. Qe2 a6 11. Bd3 Bxd3 12. Qxd3 b5 13. Rfe1 Na5 14. Ne5 Rc8 15. a3 Nc4 16. b4 Qc7 17. Nxc4 Qxc4 18. Nxd5 Nxd5 19. Bxe7 Nxe7 0-1

[Event "Sveti Vid CC Klis-ch"]
[Site "Sveti Vid"]
[Date "2014.02.01"]
[Round "7"]
[White "Batinic, Josip"]
[Black "Saric, Branko"]
[Result "1-0"]
[WhiteElo "2025"]
[BlackElo "1880"]
[PlyCount "53"]
[EventDate "2014.01.18"]
[EventType "tourn"]
[EventRounds "11"]
[EventCountry "CRO"]
[SourceTitle "EXT 2016"]
[Source "ChessBase"]
[SourceDate "2015.10.08"]
[SourceVersion "1"]
[SourceVersionDate "2015.10.08"]
[SourceQuality "1"]

1. e4 d6 2. d4 g6 3. f4 Bg7 4. Nf3 b6 5. Bd3 Bb7 6. 0-0 e6 7. f5 exf5 8. exf5 gxf5 9. Bxf5 Nf6 10. Re1+ Kf8 11. c4 Nc6 12. Nc3 Ne7 13. Bc2 Qd7 14. d5 a6 15. Bf4 Re8 16. Ba4 c6 17. dxc6 Bxc6 18. Bxd6 Bxa4 19. Nxa4 Qb7 20. Qe2 h5 21. Rad1 Nfg8 22. Ng5 Bf6 23. Ne4 Bg7 24. Qf2 Rh6 25. Nxb6 Be5 26. Nc5 Qc6 27. Nbd7+ 1-0

[Event "Sveti Vid CC Klis-ch"]
[Site "Sveti Vid"]
[Date "2014.01.26"]
[Round "5"]
[White "Batinic, Josip"]
[Black "Peric, Davor"]
[Result "0-1"]
[WhiteElo "2025"]
[BlackElo "1897"]
[PlyCount "100"]
[EventDate "2014.01.18"]
[EventType "tourn"]
[EventRounds "11"]
[EventCountry "CRO"]
[SourceTitle "EXT 2016"]
[Source "ChessBase"]
[SourceDate "2015.10.08"]
[SourceVersion "1"]
[SourceVersionDate "2015.10.08"]
[SourceQuality "1"]

1. d4 Nf6 2. Nf3 b6 3. Bf4 e6 4. e3 Bb7 5. Bd3 Be7 6. h3 0-0 7. 0-0 c5 8. c3 Nc6 9. Qe2 d6 10. Nbd2 Rc8 11. Rac1 cxd4 12. cxd4 Nb4 13. Bb1 Ba6 14. Qe1 Bxf1 15. Qxf1 Rxc1 16. Qxc1 Qc8 17. Qd1 d5 18. Nb3 Qb7 19. a3 Nc6 20. Qd3 Rc8 21. Ne5 g6 22. g4 Nxe5 23. dxe5 Nd7 24. Kh2 Nc5 25. Qd1 Nxb3 26. Qxb3 Rc1 27. Bd3 Rc7 28. Qa4 Qc8 29. e4 dxe4 30. Qxe4 Qd8 31. Bb5 Rc5 32. a4 Rd5 33. Kg3 Rd4 34. Qb7 Bh4+ 35. Kf3 g5 36. Be3 Qd5+ 37. Qxd5 Rxd5 38. Ke4 Rd1 39. Kf3 Kg7 40. Be2 Rd8 41. a5 bxa5 42. Bxa7 Rd2 43. b3 Rb2 44. Bc4 h6 45. Bd4 Rb1 46. Bc3 a4 47. Bb4 axb3 48. Ba3 Ra1 49. Bb2 Ra2 50. Bd4 Ra4 0-1

[Event "Sveti Vid CC Klis-ch"]
[Site "Sveti Vid"]
[Date "2014.01.24"]
[Round "3"]
[White "Batinic, Josip"]
[Black "Jozic, Vjekoslav"]
[Result "0-1"]
[WhiteElo "2025"]
[BlackElo "1772"]
[PlyCount "52"]
[EventDate "2014.01.18"]
[EventType "tourn"]
[EventRounds "11"]
[EventCountry "CRO"]
[SourceTitle "EXT 2016"]
[Source "ChessBase"]
[SourceDate "2015.10.08"]
[SourceVersion "1"]
[SourceVersionDate "2015.10.08"]
[SourceQuality "1"]

1. e4 e5 2. d4 exd4 3. c3 d3 4. Nf3 Bc5 5. Bxd3 d6 6. 0-0 Nf6 7. a4 a6 8. b4 Bb6 9. Bg5 Be6 10. Nd4 h6 11. Be3 Bg4 12. Qc2 Nbd7 13. f4 c5 14. h3 cxd4 15. cxd4 Rc8 16. Qd2 Bh5 17. f5 Qe7 18. Nc3 0-0 19. g4 Bxg4 20. hxg4 Rxc3 21. Qxc3 Nxg4 22. Rae1 Nxe3 23. Rxe3 Qf6 24. Kf2 Bxd4 25. Qc7 Ne5 26. Be2 Qh4+ 0-1

[Event "CRO-chT2S"]
[Site "Makarska"]
[Date "2013.10.05"]
[Round "5.5"]
[White "Batinic, Josip"]
[Black "Malesevic, Elvino"]
[Result "1/2-1/2"]
[WhiteElo "2040"]
[BlackElo "1910"]
[PlyCount "104"]
[EventDate "2013.04.05"]
[EventType "team-tourn"]
[EventRounds "9"]
[EventCountry "CRO"]
[SourceTitle "EXT 2014"]
[Source "ChessBase"]
[SourceDate "2013.11.20"]
[SourceVersion "1"]
[SourceVersionDate "2013.11.20"]
[SourceQuality "1"]
[WhiteTeam "Klis Sveti Vid"]
[BlackTeam "Zadar"]
[WhiteTeamCountry "CRO"]
[BlackTeamCountry "CRO"]

1. d4 d5 2. Nf3 Nf6 3. Bf4 Bf5 4. e3 e6 5. Bd3 Ne4 6. 0-0 Bd6 7. Bxd6 Qxd6 8. Nh4 Bg6 9. c3 Nd7 10. Qe2 Qe7 11. g3 Ndf6 12. Nxg6 hxg6 13. f3 Nd6 14. e4 dxe4 15. fxe4 e5 16. c4 Kf8 17. d5 b6 18. b4 Nb7 19. a3 a5 20. Nc3 axb4 21. axb4 Rxa1 22. Rxa1 Qxb4 23. Nb5 Na5 24. Kg2 Ne8 25. Qc2 Qc5 26. Qf2 Qxf2+ 27. Kxf2 Rxh2+ 28. Ke3 Ke7 29. c5 Nb3 30. cxb6 cxb6 31. Ra7+ Kd8 32. Rxf7 Nc5 33. Na7 Nxd3 34. Nc6+ Kc8 35. Kxd3 Rg2 36. Nxe5 Rxg3+ 37. Kd4 g5 38. Nc6 Rg4 39. Ke5 Rxe4+ 40. Kxe4 Nd6+ 41. Ke5 Nxf7+ 42. Kf5 Kc7 43. Kg6 Nd8 44. Ne5 Kd6 45. Nc4+ Kc5 46. Nxb6 g4 47. Na4+ Kxd5 48. Kf5 g3 49. Nc3+ Kc4 50. Ne2 g2 51. Kg4 Ne6 52. Kg3 g6 1/2-1/2

[Event "Split op 2nd"]
[Site "Split"]
[Date "2012.08.15"]
[Round "5"]
[White "Jelcic, Marko"]
[Black "Batinic, Josip"]
[Result "1-0"]
[WhiteElo "2140"]
[BlackElo "1962"]
[PlyCount "57"]
[EventDate "2012.08.11"]
[EventType "swiss"]
[EventRounds "9"]
[EventCountry "CRO"]
[SourceTitle "CBM 149 Extra"]
[Source "ChessBase"]
[SourceDate "2012.08.24"]
[SourceVersion "1"]
[SourceVersionDate "2012.08.24"]
[SourceQuality "1"]

1. e4 c6 2. d4 d5 3. e5 Bf5 4. Nc3 e6 5. g4 Bg6 6. Nge2 h6 7. Be3 Qb6 8. Nf4 Bh7 9. Nd3 Nd7 10. Qd2 Ne7 11. f4 h5 12. Na4 Qc7 13. f5 hxg4 14. fxe6 fxe6 15. Nf4 Bf5 16. Bd3 b5 17. Nc3 Nb6 18. b3 Qd7 19. 0-0-0 g6 20. Rdg1 0-0-0 21. Nd1 Ng8 22. Nxg6 Bxg6 23. Bxg6 Nh6 24. Bg5 Nf5 25. Bxd8 Qxd8 26. Kb1 b4 27. Bxf5 exf5 28. Rf1 a5 29. Qd3 1-0

[Event "Split SDZ op"]
[Site "Split"]
[Date "2012.03.23"]
[Round "7"]
[White "Batinic, Josip"]
[Black "Milosavljevic, Jovan"]
[Result "1/2-1/2"]
[WhiteElo "1965"]
[BlackElo "2121"]
[PlyCount "70"]
[EventDate "2012.03.17"]
[EventType "swiss"]
[EventRounds "9"]
[EventCountry "CRO"]
[SourceTitle "EXT 2013"]
[Source "ChessBase"]
[SourceDate "2012.11.22"]
[SourceVersion "1"]
[SourceVersionDate "2012.11.22"]
[SourceQuality "1"]

1. d4 Nf6 2. Nf3 e6 3. e3 d5 4. c4 c6 5. Bd3 dxc4 6. Bxc4 b5 7. Be2 Bb7 8. 0-0 Be7 9. Nc3 0-0 10. b3 Nbd7 11. Bb2 a6 12. a4 b4 13. Nb1 Qa5 14. Nbd2 Qf5 15. Nc4 c5 16. Nfe5 Rad8 17. Nxd7 Rxd7 18. Ne5 Rc7 19. Rc1 Rd8 20. Qe1 h5 21. f3 Qg5 22. Qf2 Rdc8 23. Bc4 Bd6 24. h4 Qh6 25. Qe2 cxd4 26. Bxd4 Bc5 27. Bxc5 Rxc5 28. Nd3 R5c7 29. Nxb4 a5 30. Nd3 g5 31. hxg5 Qxg5 32. Nf4 Nd5 33. Bxd5 Bxd5 34. Rxc7 Rxc7 35. Nxd5 Qxd5 1/2-1/2

[Event "Split SDZ op"]
[Site "Split"]
[Date "2012.03.20"]
[Round "4"]
[White "Batinic, Josip"]
[Black "Curic, Drazen"]
[Result "0-1"]
[WhiteElo "1965"]
[BlackElo "2246"]
[PlyCount "68"]
[EventDate "2012.03.17"]
[EventType "swiss"]
[EventRounds "9"]
[EventCountry "CRO"]
[SourceTitle "EXT 2013"]
[Source "ChessBase"]
[SourceDate "2012.11.22"]
[SourceVersion "1"]
[SourceVersionDate "2012.11.22"]
[SourceQuality "1"]

1. d4 Nf6 2. Bg5 c5 3. Bxf6 exf6 4. Nf3 Qb6 5. b3 cxd4 6. Nxd4 Nc6 7. e3 Be7 8. Be2 0-0 9. 0-0 d5 10. c3 f5 11. Bf3 Rd8 12. g3 Ne5 13. Bg2 Ng4 14. Qc2 g6 15. Nd2 Be6 16. h3 Nf6 17. Qb2 Rac8 18. Rac1 Ne4 19. Nxe6 fxe6 20. Bxe4 dxe4 21. b4 Bf6 22. Nb3 Qxb4 23. cxb4 Bxb2 24. Rb1 Rc2 25. Nc5 b6 26. Nxe6 Rd6 27. Nc7 Rdd2 28. Nb5 a6 29. Nd4 Bxd4 30. exd4 e3 31. a4 a5 32. b5 g5 33. Rbc1 e2 34. Rfe1 Rxc1 0-1

[Event "Sveti Vid CC Klis-ch"]
[Site "Sveti Vid"]
[Date "2012.01.28"]
[Round "8"]
[White "Batinic, Josip"]
[Black "Saric, Luka"]
[Result "1-0"]
[WhiteElo "1969"]
[BlackElo "1841"]
[PlyCount "53"]
[EventDate "2012.01.06"]
[EventType "tourn"]
[EventRounds "11"]
[EventCountry "CRO"]
[SourceTitle "EXT 2014"]
[Source "ChessBase"]
[SourceDate "2013.11.20"]
[SourceVersion "1"]
[SourceVersionDate "2013.11.20"]
[SourceQuality "1"]

1. e4 e5 2. d4 exd4 3. Nf3 Bc5 4. Nxd4 Nf6 5. Nc3 d6 6. Bg5 Bg4 7. f3 Bh5 8. Qd2 h6 9. Bh4 Nbd7 10. 0-0-0 0-0 11. g4 Bg6 12. Nf5 Bxf5 13. exf5 Ne5 14. Qg2 c6 15. Ne4 Ned7 16. Bxf6 Nxf6 17. Nxc5 Nd5 18. Rxd5 cxd5 19. Nd3 Re8 20. Qd2 Rc8 21. h4 Qb6 22. Nf4 Qc5 23. Bd3 Re3 24. f6 g6 25. h5 g5 26. Nxd5 Qxd5 27. Bh7+ 1-0

[Event "Sveti Vid CC Klis-ch"]
[Site "Sveti Vid"]
[Date "2012.01.21"]
[Round "6"]
[White "Peric, Davor"]
[Black "Batinic, Josip"]
[Result "1/2-1/2"]
[WhiteElo "1899"]
[BlackElo "1969"]
[PlyCount "132"]
[EventDate "2012.01.06"]
[EventType "tourn"]
[EventRounds "11"]
[EventCountry "CRO"]
[SourceTitle "EXT 2014"]
[Source "ChessBase"]
[SourceDate "2013.11.20"]
[SourceVersion "1"]
[SourceVersionDate "2013.11.20"]
[SourceQuality "1"]

1. d4 Nf6 2. Nf3 e6 3. g3 Be7 4. Bg2 0-0 5. 0-0 d5 6. c4 c6 7. Qc2 b6 8. Rd1 Bb7 9. Nbd2 Na6 10. e4 Rc8 11. e5 Nd7 12. Nf1 Nb4 13. Qc3 dxc4 14. a3 Nd5 15. Qxc4 b5 16. Qd3 Qc7 17. Ne3 N7b6 18. h4 h6 19. h5 Rfd8 20. Ng4 f5 21. exf6 Bxf6 22. Qg6 Kh8 23. Nxf6 gxf6 24. Qxh6+ Qh7 25. Qxh7+ Kxh7 26. Nh4 Rc7 27. Be4+ f5 28. Bd3 Rg7 29. Ng6 Nf6 30. Nf4 Bc8 31. Be3 Nbd5 32. Nxd5 Rxd5 33. Be2 Rd8 34. Bf3 Bb7 35. Rac1 Nd5 36. Bxd5 Rxd5 37. Rc5 Rgd7 38. Rxd5 Rxd5 39. Rc1 a5 40. Rc5 Rxc5 41. dxc5 b4 42. Kh2 Ba6 43. Kh3 bxa3 44. bxa3 Be2 45. Kh4 a4 46. Kg5 Bf3 47. Bd4 Bd5 48. Be5 Bf3 49. Bd4 Bd5 50. Be5 Bf3 51. Bf4 Bd5 52. Kf6 Bc4 53. Ke5 Bd5 54. Kd6 Kg7 55. Bg5 Kf7 56. Ke5 Bf3 57. h6 Bd5 58. Bf4 Kg6 59. Kd4 Bb3 60. Ke3 e5 61. Bxe5 Kxh6 62. Kf4 Kg6 63. Bd4 Bd1 64. Ke5 Bf3 65. Kd6 Kg5 66. Be3+ Kg4 1/2-1/2

[Event "Sveti Vid CC Klis-ch"]
[Site "Sveti Vid"]
[Date "2012.01.15"]
[Round "5"]
[White "Batinic, Josip"]
[Black "Saric, Branko"]
[Result "1-0"]
[WhiteElo "1969"]
[BlackElo "1922"]
[PlyCount "75"]
[EventDate "2012.01.06"]
[EventType "tourn"]
[EventRounds "11"]
[EventCountry "CRO"]
[SourceTitle "EXT 2014"]
[Source "ChessBase"]
[SourceDate "2013.11.20"]
[SourceVersion "1"]
[SourceVersionDate "2013.11.20"]
[SourceQuality "1"]

1. c4 c5 2. g3 g6 3. Bg2 Bg7 4. Nf3 Nc6 5. 0-0 Nf6 6. d4 cxd4 7. Nxd4 0-0 8. Nc3 Qb6 9. Nb3 d6 10. Nd5 Nxd5 11. cxd5 Nb4 12. a3 Na6 13. Rb1 Bf5 14. e4 Bd7 15. Be3 Qd8 16. Bd4 Bh6 17. f4 Ba4 18. Qf3 b6 19. Nd2 Rc8 20. b3 Bb5 21. Rfc1 Nc5 22. Bh3 Rc7 23. Rc3 e5 24. Bxc5 bxc5 25. Nc4 exf4 26. gxf4 Bg7 27. Rc2 Rb7 28. Re1 Re8 29. Bf1 a5 30. a4 Bxc4 31. Bxc4 f5 32. e5 Kh8 33. Rce2 dxe5 34. fxe5 Rbe7 35. Bb5 Bxe5 36. Bxe8 Qxe8 37. Rxe5 Rxe5 38. Qc3 1-0

[Event "Sveti Vid CC Klis-ch"]
[Site "Sveti Vid"]
[Date "2012.01.08"]
[Round "3"]
[White "Batinic, Josip"]
[Black "Klaric, Miro"]
[Result "0-1"]
[WhiteElo "1969"]
[BlackElo "1980"]
[PlyCount "104"]
[EventDate "2012.01.06"]
[EventType "tourn"]
[EventRounds "11"]
[EventCountry "CRO"]
[SourceTitle "EXT 2014"]
[Source "ChessBase"]
[SourceDate "2013.11.20"]
[SourceVersion "1"]
[SourceVersionDate "2013.11.20"]
[SourceQuality "1"]

1. e4 c5 2. Nf3 Nc6 3. d4 cxd4 4. Nxd4 e5 5. Nb5 d6 6. N1c3 Be6 7. Nd5 Bxd5 8. exd5 Nce7 9. Be2 g6 10. 0-0 Nf6 11. c4 Bg7 12. a4 Ne4 13. Qc2 f5 14. b3 a6 15. Nc3 Nf6 16. Bb2 0-0 17. Rae1 Rc8 18. Qb1 Qb6 19. Bd1 Nd7 20. Bc2 e4 21. Ne2 Bxb2 22. Qxb2 Rxc4 23. Nf4 Rfc8 24. Re2 Ne5 25. Rd1 e3 26. g3 exf2+ 27. Kh1 R4c5 28. Qd4 Rxd5 29. Qxf2 Qxf2 30. Rxf2 Rxd1+ 31. Bxd1 Kf7 32. Rd2 Rc6 33. b4 Rb6 34. b5 g5 35. Bb3+ Ke8 36. Ne6 axb5 37. Nxg5 h6 38. Ne6 bxa4 39. Bxa4+ Kf7 40. Nc7 Nc4 41. Rd4 Rb1+ 42. Kg2 Rb4 43. Be8+ Kf6 44. Kh3 Ke5 45. Rh4 Nc6 46. Rxh6 Nd4 47. Rh7 Nf3 48. Kg2 Ng5 49. Re7+ Kd4 50. h4 Rb2+ 51. Kh1 Nf3 52. Nb5+ Kd3 0-1

[Event "Split op 1st"]
[Site "Split"]
[Date "2011.08.08"]
[Round "4"]
[White "Krnic, Ivan"]
[Black "Batinic, Josip"]
[Result "1/2-1/2"]
[WhiteElo "2170"]
[BlackElo "1939"]
[PlyCount "64"]
[EventDate "2011.08.05"]
[EventType "swiss"]
[EventRounds "9"]
[EventCountry "CRO"]
[SourceTitle "CBM 143 Extra"]
[Source "ChessBase"]
[SourceDate "2011.08.29"]
[SourceVersion "1"]
[SourceVersionDate "2011.08.29"]
[SourceQuality "1"]

1. e4 c6 2. d4 d5 3. f3 g6 4. Nc3 Bg7 5. Be3 b6 6. Qd2 Bb7 7. 0-0-0 e6 8. h4 h5 9. Nh3 Nd7 10. Ng5 Ngf6 11. e5 Ng8 12. g4 Qe7 13. Bh3 hxg4 14. Bxg4 Nh6 15. h5 gxh5 16. Rxh5 Nxg4 17. Rxh8+ Bxh8 18. fxg4 0-0-0 19. Rh1 c5 20. Rh7 cxd4 21. Bxd4 Nxe5 22. Bxe5 Bxe5 23. Rxf7 Qe8 24. Qe1 Qh8 25. Nf3 Bxc3 26. Qxc3+ Qxc3 27. bxc3 Rg8 28. g5 e5 29. Nxe5 Rxg5 30. Nf3 Rg8 31. Nd4 a5 32. Kb2 Kb8 1/2-1/2

[Event "Split op 1st"]
[Site "Split"]
[Date "2011.08.05"]
[Round "1"]
[White "Batinic, Josip"]
[Black "Bontempi, Piero"]
[Result "0-1"]
[WhiteElo "1939"]
[BlackElo "2325"]
[PlyCount "84"]
[EventDate "2011.08.05"]
[EventType "swiss"]
[EventRounds "9"]
[EventCountry "CRO"]
[SourceTitle "CBM 143 Extra"]
[Source "ChessBase"]
[SourceDate "2011.08.29"]
[SourceVersion "1"]
[SourceVersionDate "2011.08.29"]
[SourceQuality "1"]

1. d4 d5 2. Nf3 Bf5 3. e3 e6 4. c4 Nc6 5. a3 Nf6 6. Nc3 Be7 7. cxd5 exd5 8. Bb5 0-0 9. 0-0 Bd6 10. Ne2 Bg4 11. Ng3 h5 12. Be2 g6 13. Ng5 Bxe2 14. Nxe2 Bxh2+ 15. Kh1 Bd6 16. f4 Ne7 17. Qd3 Nf5 18. Rf3 Ne4 19. Nxe4 dxe4 20. Qxe4 Qh4+ 21. Rh3 Qe1+ 22. Ng1 Ng3+ 23. Rxg3 Qxg3 24. Nf3 h4 25. Bd2 Kg7 26. Ng5 Rae8 27. Qf3 f6 28. Ne4 Qxf3 29. gxf3 Be7 30. Rg1 Kf7 31. b4 Rd8 32. Rc1 c6 33. Kg2 Rh8 34. Kh3 Rh5 35. Nc5 Bxc5 36. bxc5 Ke6 37. Be1 Rd7 38. a4 Rhh7 39. Bf2 Kf5 40. a5 Rdg7 41. Rg1 g5 42. e4+ Kxf4 0-1

[Event "Split op 4th"]
[Site "Split"]
[Date "2010.05.04"]
[Round "5"]
[White "Simunic, Neno"]
[Black "Batinic, Josip"]
[Result "1/2-1/2"]
[WhiteElo "1732"]
[BlackElo "1970"]
[PlyCount "118"]
[EventDate "2010.04.30"]
[EventType "swiss"]
[EventRounds "9"]
[EventCountry "CRO"]
[SourceTitle "EXT 2011"]
[Source "ChessBase"]
[SourceDate "2010.11.26"]
[SourceVersion "1"]
[SourceVersionDate "2010.11.26"]
[SourceQuality "1"]

1. d4 d5 2. c4 e6 3. Nc3 Nf6 4. Bg5 Be7 5. Nf3 0-0 6. e3 h6 7. Bh4 c5 8. cxd5 Nxd5 9. Bxe7 Qxe7 10. Nxd5 exd5 11. dxc5 Qxc5 12. Be2 Nc6 13. 0-0 Be6 14. a3 Rac8 15. Qd2 Qb6 16. b4 a6 17. h3 Rfd8 18. Rfd1 Qc7 19. Rac1 Qe7 20. Nd4 Ne5 21. Nxe6 fxe6 22. a4 Nc4 23. Qa2 b5 24. axb5 axb5 25. Bxc4 bxc4 26. Qb2 Rb8 27. b5 Qf6 28. Qxf6 gxf6 29. e4 Kf7 30. exd5 Rxd5 31. Re1 Rd4 32. Ra1 e5 33. Ra7+ Ke6 34. Ra6+ Rd6 35. Rc1 Rxa6 36. bxa6 Kd5 37. Kf1 Ra8 38. Ra1 Kd4 39. Ke2 Kc3 40. Rc1+ Kb3 41. Rb1+ Kc2 42. Rb6 Rd8 43. a7 Rd2+ 44. Ke3 Rd3+ 45. Ke4 Ra3 46. Rxf6 c3 47. Rxh6 Rxa7 48. Rc6 Kd2 49. Kxe5 c2 50. f4 c1Q 51. Rxc1 Kxc1 52. f5 Kd2 53. g4 Ke3 54. f6 Rh7 55. g5 Rxh3 56. g6 Rh5+ 57. Ke6 Ke4 58. g7 Rg5 59. f7 Rg6+ 1/2-1/2

[Event "Osijek op"]
[Site "Osijek"]
[Date "2010.01.25"]
[Round "4"]
[White "Batinic, Josip"]
[Black "Petrovic, David"]
[Result "1/2-1/2"]
[WhiteElo "1970"]
[BlackElo "1731"]
[PlyCount "151"]
[EventDate "2010.01.23"]
[EventType "swiss"]
[EventRounds "9"]
[EventCountry "CRO"]
[SourceTitle "CBM 134 Extra"]
[Source "ChessBase"]
[SourceDate "2010.03.03"]
[SourceVersion "1"]
[SourceVersionDate "2010.03.03"]
[SourceQuality "1"]

1. e4 c5 2. Nc3 Nc6 3. d3 d6 4. Be3 e6 5. g3 Nf6 6. Bg2 Be7 7. Nf3 a6 8. a3 Qc7 9. 0-0 0-0 10. Ne2 Bd7 11. Qc1 Rac8 12. c3 Na5 13. Qd1 b5 14. Nd2 Bc6 15. b4 Nb7 16. Nf3 Nd7 17. Qd2 Nb6 18. h4 Rfd8 19. Bg5 c4 20. Ned4 Be8 21. Rac1 cxd3 22. Qxd3 Nc4 23. Nd2 Bxg5 24. hxg5 Nxd2 25. Qxd2 Qc4 26. Bf3 Qc7 27. Kg2 Qe7 28. Rh1 f6 29. gxf6 Qxf6 30. Qf4 Qxf4 31. gxf4 Bd7 32. Rh4 h6 33. Ne2 Be8 34. Rg1 Rc7 35. Kf1 Kf8 36. Rhg4 Bh5 37. R4g3 Bxf3 38. Rxf3 Rdc8 39. Rgg3 Nd8 40. f5 exf5 41. exf5 Nf7 42. Nf4 Ne5 43. Re3 Rf7 44. Ne6+ Kg8 45. Nd4 Nc6 46. Re6 Nxd4 47. cxd4 Rc6 48. f6 g5 49. f4 Rc1+ 50. Kg2 Rc2+ 51. Kh3 Kh7 52. fxg5 hxg5 53. Rxg5 Kh6 54. Rg3 Rf2 55. Re4 Rf5 56. Rh4+ Rh5 57. Rf3 Kg5 58. Rxh5+ Kxh5 59. Rf5+ Kg6 60. Kg4 Rxf6 61. Rg5+ Kf7 62. d5 Rg6 63. Kf5 Rf6+ 64. Ke4 Rf1 65. Rh5 Ra1 66. Rh7+ Ke8 67. Kf5 Rxa3 68. Ke6 Kd8 69. Kxd6 Kc8 70. Kc6 Rc3+ 71. Kb6 Rd3 72. Rh5 Ra3 73. d6 Kd7 74. Rd5 Rb3 75. Rd4 Ra3 76. Rd2 1/2-1/2

[Event "Split op 3rd"]
[Site "Split"]
[Date "2009.03.08"]
[Round "9"]
[White "Susovic, Hrvoje"]
[Black "Batinic, Josip"]
[Result "1-0"]
[WhiteElo "1988"]
[BlackElo "1961"]
[PlyCount "21"]
[EventDate "2009.02.28"]
[EventType "swiss"]
[EventRounds "9"]
[EventCountry "CRO"]
[SourceTitle "CBM 129 Extra"]
[Source "ChessBase"]
[SourceDate "2009.05.05"]
[SourceVersion "2"]
[SourceVersionDate "2009.05.20"]
[SourceQuality "1"]

1. e4 c5 2. Nf3 a6 3. Nc3 Nc6 4. d4 cxd4 5. Nxd4 g6 6. Be3 Bg7 7. Nd5 b5 8. Nxc6 dxc6 9. Bb6 Qd6 10. Nc7+ Kf8 11. Qxd6 1-0

[Event "Stobrec Epetium op"]
[Site "Stobrec"]
[Date "2007.08.24"]
[Round "6"]
[White "Radomilja, Jure"]
[Black "Batinic, Josip"]
[Result "1-0"]
[WhiteElo "1962"]
[BlackElo "1921"]
[PlyCount "51"]
[EventDate "2007.08.18"]
[EventType "swiss"]
[EventRounds "7"]
[EventCountry "CRO"]
[SourceTitle "CBM 120 Extra"]
[Source "ChessBase"]
[SourceDate "2007.11.01"]
[SourceVersion "1"]
[SourceVersionDate "2007.11.01"]
[SourceQuality "1"]

1. d4 d5 2. e4 dxe4 3. Nc3 Nf6 4. Bg5 Qd6 5. f3 exf3 6. Nxf3 a6 7. Qd2 Bf5 8. Bf4 Qb6 9. Bd3 Bxd3 10. Qxd3 Nbd7 11. 0-0 e6 12. Kh1 Bd6 13. Be3 Qa5 14. Ne4 Nxe4 15. Qxe4 Qd5 16. Qd3 Nf6 17. c4 Qe4 18. Qb3 Ng4 19. Rae1 Nxe3 20. Rxe3 Qc6 21. Ng5 0-0 22. Qd3 g6 23. Rh3 f5 24. Rxh7 Rae8 25. Qh3 Be7 26. Qh6 1-0